000
00292nam a2200109Ia 4500
008
200302s9999 xx 000 0 und d
100
_a
Tony Rogers
245
_a
Confrences and convntions a Global indstry 3rd d
260
_b
Taylor and Francis Group Publishing
260
_c
2013
300
_a
422
999
_c
6436
_d
6436